[Event "Danzhou 9th"]
[Site "Danzhou"]
[Date "2018.07.29"]
[Round "3"]
[White "Bu, Xiangzhi"]
[Black "Le, Quang Liem"]
[Result "1-0"]
[WhiteElo "2712"]
[BlackElo "2728"]
[PlyCount "113"]
[EventDate "2018.07.27"]
[EventType "tourn"]
[EventRounds "7"]
[EventCountry "CHN"]
[EventCategory "20"]
[SourceTitle "CBM 186"]
[Source "ChessBase"]
[SourceDate "2018.09.14"]
[SourceVersion "1"]
[SourceVersionDate "2018.09.14"]
[SourceQuality "1"]

1. c4 c5 2. Nf3 Nc6 3. d4 cxd4 4. Nxd4 Nf6 5. Nc3 e6 6. Bf4 d6 7. Bg3 Nh5 8. e3
Nxg3 9. hxg3 Bd7 10. Ndb5 Qb6 11. Qd2 O-O-O 12. Ne4 Kb8 13. Nbxd6 f5 14. c5 Qc7
15. Ng5 Ne5 16. Rc1 Bxd6 17. cxd6 Qb6 18. Qd4 Rc8 19. Rxc8+ Rxc8 20. Qxb6 axb6
21. f4 Ng4 22. Rxh7 Rc1+ 23. Kd2 Rxf1 24. Rxg7 Rf2+ 25. Kc3 Nf6 26. Rf7 Nd5+
27. Kb3 Bc6 28. d7 Bxd7 29. Rxd7 Rxg2 30. Nxe6 Rxg3 31. Rd8+ Ka7 32. Rxd5 Rxe3+
33. Kc4 Rxe6 34. Rxf5 Re2 35. b4 Rxa2 36. b5 Ra4+ 37. Kd3 Kb8 38. Ke3 Ra3+ 39.
Ke4 Ra4+ 40. Kf3 Rd4 41. Ke3 Rd1 42. Ke4 Re1+ 43. Kd4 Rd1+ 44. Ke5 Kc7 45. Rg5
Re1+ 46. Kd5 Rf1 47. f5 Kd7 48. Rg7+ Kd8 49. Ke6 Re1+ 50. Kf7 Kd7 51. f6 Kd6
52. Kf8 Ra1 53. Rg2 Rb1 54. f7 Rxb5 55. Rg6+ Kc7 56. Kg7 Rf5 57. Rf6 1-0